000
00260nam a2200109Ia 4500
008
190216s9999||||xx |||||||||||||| ||und||
100
_a
Kurup
245
0
_a
Janasangya Vardanayude Prathyagadangal
260
_b
Bhasha Institute
650
_a
Botany
942
_c
BK
999
_c
40466
_d
40466